[Event "Dubai op-B 23rd"]
[Site "Dubai"]
[Date "2023.06.02"]
[Round "7"]
[White "Saif, Ahmed"]
[Black "Rayes, Abdul Kader"]
[Result "0-1"]
[WhiteElo "1870"]
[BlackElo "2124"]
[PlyCount "78"]
[EventDate "2023.05.27"]
[EventType "swiss"]
[EventRounds "9"]
[EventCountry "UAE"]
[SourceTitle "CBM 214 Extra"]
[Source "ChessBase"]
[SourceDate "2023.07.31"]
[SourceVersion "1"]
[SourceVersionDate "2023.07.31"]
[SourceQuality "1"]

1. e4 c5 2. Nf3 g6 3. d4 cxd4 4. Nxd4 Nc6 5. c4 Nf6 6. Nc3 d6 7. Be2 Nxd4 8. Qxd4 Bg7 9. Be3 0-0 10. Qd2 Be6 11. Rc1 Qa5 12. 0-0 Rfc8 13. b3 a6 14. Nd5 Qxd2 15. Bxd2 Bxd5 16. exd5 a5 17. Bd3 Nd7 18. g4 Nc5 19. Bb1 e6 20. dxe6 fxe6 21. Rcd1 Ra6 22. Be3 Bc3 23. Rc1 Bb4 24. Bc2 Rf8 25. f4 Raa8 26. f5 gxf5 27. gxf5 e5 28. Kh1 Rf7 29. Bh6 Nd7 30. Be4 Nf6 31. Bd5 Nxd5 32. cxd5 Bc5 33. Rc3 Kh8 34. f6 a4 35. bxa4 Rxa4 36. a3 Rg4 37. Rg3 Rg6 38. Bg7+ Kg8 39. Rb3 Rgxg7 0-1

[Event "Dubai op-B 23rd"]
[Site "Dubai"]
[Date "2023.05.28"]
[Round "2"]
[White "Rayes, Abdul Kader"]
[Black "Ashvath, Mittal"]
[Result "1/2-1/2"]
[WhiteElo "2124"]
[BlackElo "1681"]
[PlyCount "127"]
[EventDate "2023.05.27"]
[EventType "swiss"]
[EventRounds "9"]
[EventCountry "UAE"]
[SourceTitle "CBM 214 Extra"]
[Source "ChessBase"]
[SourceDate "2023.07.31"]
[SourceVersion "1"]
[SourceVersionDate "2023.07.31"]
[SourceQuality "1"]

1. c4 c6 2. d4 d5 3. Nc3 Nf6 4. Nf3 h6 5. g3 Bf5 6. Qb3 b6 7. Bg2 e6 8. 0-0 Bd6 9. cxd5 exd5 10. Nd2 0-0 11. f3 Be6 12. f4 Qd7 13. Nf3 Ne4 14. Ne5 Bxe5 15. fxe5 Nxc3 16. bxc3 c5 17. Ba3 Na6 18. Rad1 Rfd8 19. Rf4 Rac8 20. e3 Qc7 21. Bb2 Nb8 22. Rd2 cxd4 23. exd4 Nc6 24. Qd1 Na5 25. Rdf2 Nc4 26. Bc1 Na5 27. Rc2 Qe7 28. Qf3 b5 29. Qe2 a6 30. Qd3 Rc7 31. Rff2 Rdc8 32. h4 Nc4 33. Bf4 Nb6 34. Qe3 Qf8 35. Qd3 Qa3 36. Bc1 Qe7 37. Bd2 Rc6 38. Rc1 Na4 39. Rf3 b4 40. c4 Rxc4 41. Rcf1 Rc2 42. Qxa6 Rxd2 43. Qxa4 Rcc2 44. Qa8+ Kh7 45. R3f2 Rxa2 46. Qb8 Rdb2 47. Rxb2 Rxb2 48. Ra1 Qd7 49. Ra8 Qc6 50. h5 Qc1+ 51. Kh2 Rxg2+ 52. Kxg2 Qd2+ 53. Kh1 Qd1+ 54. Kg2 Qe2+ 55. Kg1 Qd1+ 56. Kg2 Qd2+ 57. Kh1 Qd1+ 58. Kg2 Qe2+ 59. Kg1 Qe3+ 60. Kg2 Qe4+ 61. Kh2 Qe2+ 62. Kg1 Qe3+ 63. Kg2 Qe4+ 64. Kh2 1/2-1/2

[Event "Sharjah Rapid op 27th"]
[Site "Sharjah"]
[Date "2022.04.07"]
[Round "8"]
[White "Rayes, Abdul Kader"]
[Black "Yakubboev, Nodirbek"]
[Result "0-1"]
[WhiteElo "2124"]
[BlackElo "2630"]
[PlyCount "94"]
[EventDate "2022.04.06"]
[EventType "swiss (rapid)"]
[EventRounds "9"]
[EventCountry "UAE"]
[SourceTitle "CBM 207 Extra"]
[Source "ChessBase"]
[SourceDate "2022.05.31"]
[SourceVersion "1"]
[SourceVersionDate "2022.05.31"]
[SourceQuality "1"]

1. e4 c5 2. Nf3 Nf6 3. d3 Nc6 4. Nbd2 g6 5. g3 Bg7 6. Bg2 0-0 7. 0-0 d5 8. Re1 e5 9. h3 Re8 10. c3 b6 11. Qc2 Bb7 12. a4 Qd7 13. Kh2 Rad8 14. Bf1 Ba6 15. Rb1 Bf8 16. Be2 d4 17. c4 Nb4 18. Qd1 Bc8 19. Ng1 Qc7 20. Ndf3 h6 21. Bd2 Nh7 22. Qc1 Na2 23. Qd1 Qe7 24. Nh4 h5 25. Rf1 Nb4 26. Qe1 Bd7 27. b3 Bg7 28. Rb2 Ng5 29. Qc1 Ne6 30. Bh6 Bf6 31. Ng2 Ng5 32. f4 exf4 33. gxf4 Nxe4 34. dxe4 Qxe4 35. Bf3 Qf5 36. Bg5 Nd3 37. Qb1 Bxg5 38. fxg5 Nxb2 39. Qxb2 Qxg5 40. Bd5 Be6 41. Nf3 Qe7 42. Bxe6 Qxe6 43. Qd2 Qe2 44. Qc1 d3 45. Nd2 Qe5+ 46. Rf4 g5 47. Nf3 d2 0-1

[Event "Sharjah Blitz op"]
[Site "Sharjah"]
[Date "2021.05.01"]
[Round "2.6"]
[White "Farahat, Ali"]
[Black "Rayes, Abdul Kader"]
[Result "1-0"]
[WhiteElo "2404"]
[BlackElo "2203"]
[PlyCount "39"]
[EventDate "2021.05.01"]
[EventType "swiss (blitz)"]
[EventRounds "9"]
[EventCountry "UAE"]
[SourceTitle "CBM 202 Extra"]
[Source "ChessBase"]
[SourceDate "2021.07.31"]
[SourceVersion "1"]
[SourceVersionDate "2021.07.31"]
[SourceQuality "1"]

1. e4 e5 2. Nf3 Nc6 3. Nc3 Nf6 4. Bb5 Bb4 5. 0-0 0-0 6. d3 Bxc3 7. bxc3 d6 8. Bg5 Qe7 9. d4 Nd8 10. Bh4 a6 11. Bd3 c5 12. Re1 Bg4 13. h3 Bh5 14. g4 Bg6 15. d5 h5 16. Nh2 Rc8 17. gxh5 Bh7 18. Ng4 Qc7 19. Nxf6+ gxf6 20. Bxf6 1-0

[Event "Sharjah Blitz op"]
[Site "Sharjah"]
[Date "2021.05.01"]
[Round "8.10"]
[White "Osman, Ibraheem"]
[Black "Rayes, Abdul Kader"]
[Result "1-0"]
[WhiteElo "1787"]
[BlackElo "2203"]
[PlyCount "82"]
[EventDate "2021.05.01"]
[EventType "swiss (blitz)"]
[EventRounds "9"]
[EventCountry "UAE"]
[SourceTitle "CBM 202 Extra"]
[Source "ChessBase"]
[SourceDate "2021.07.31"]
[SourceVersion "1"]
[SourceVersionDate "2021.07.31"]
[SourceQuality "1"]

1. e4 c5 2. Nf3 Nc6 3. Bc4 e6 4. d3 a6 5. a4 d6 6. 0-0 Nf6 7. Re1 Be7 8. Nc3 0-0 9. Bb3 h6 10. Bf4 Bd7 11. e5 dxe5 12. Nxe5 Nxe5 13. Bxe5 Bc6 14. Ne4 Nxe4 15. dxe4 Qxd1 16. Raxd1 Rfd8 17. f3 Bf6 18. Bxf6 gxf6 19. Kf2 Kf8 20. a5 Ke7 21. Ke3 Rac8 22. g3 Bb5 23. c3 c4 24. Bc2 e5 25. f4 Rc5 26. Rxd8 Kxd8 27. Rd1+ Ke7 28. Rd5 Rxd5 29. exd5 Kd6 30. Be4 Bd7 31. Kd2 Bc8 32. Kc2 Kc5 33. b3 cxb3+ 34. Kxb3 f5 35. Bf3 e4 36. Bh5 Kxd5 37. Bxf7+ Kc5 38. Bc4 Bd7 39. Be2 Bb5 40. c4 Bc6 41. Kc3 Bd7 1-0

[Event "Sharjah Blitz op"]
[Site "Sharjah"]
[Date "2021.05.01"]
[Round "3.13"]
[White "Rayes, Abdul Kader"]
[Black "Alkhour, Seifedin"]
[Result "1-0"]
[WhiteElo "2203"]
[BlackElo "1444"]
[PlyCount "70"]
[EventDate "2021.05.01"]
[EventType "swiss (blitz)"]
[EventRounds "9"]
[EventCountry "UAE"]
[SourceTitle "CBM 202 Extra"]
[Source "ChessBase"]
[SourceDate "2021.07.31"]
[SourceVersion "1"]
[SourceVersionDate "2021.07.31"]
[SourceQuality "1"]

1. d4 d5 2. Nf3 c5 3. g3 cxd4 4. Bg2 Nc6 5. Nxd4 e5 6. Nxc6 bxc6 7. c4 Nf6 8. 0-0 e4 9. Nc3 Bf5 10. Bg5 Be7 11. Qa4 0-0 12. Rad1 d4 13. Bxf6 Bxf6 14. Nxe4 Bxe4 15. Bxe4 Rb8 16. b3 c5 17. Qxa7 Re8 18. Bf3 Qc8 19. Rd3 Re7 20. Qa5 Re5 21. Rfd1 h6 22. Kg2 Qe8 23. Qd2 Qe7 24. Qc2 Re8 25. a3 Qe6 26. b4 Rc8 27. b5 h5 28. h3 h4 29. g4 Bg5 30. a4 f5 31. Ra3 Rf8 32. a5 Qh6 33. Rh1 fxg4 34. hxg4 Rxf3 35. exf3 Qd6 1-0

[Event "Sharjah Blitz op"]
[Site "Sharjah"]
[Date "2021.05.01"]
[Round "9.14"]
[White "Rayes, Abdul Kader"]
[Black "Hamad, Abdul Razzaq"]
[Result "1-0"]
[WhiteElo "2203"]
[BlackElo "1830"]
[PlyCount "59"]
[EventDate "2021.05.01"]
[EventType "swiss (blitz)"]
[EventRounds "9"]
[EventCountry "UAE"]
[SourceTitle "CBM 202 Extra"]
[Source "ChessBase"]
[SourceDate "2021.07.31"]
[SourceVersion "1"]
[SourceVersionDate "2021.07.31"]
[SourceQuality "1"]

1. d4 d5 2. Bf4 Bf5 3. Nf3 Nf6 4. e3 e6 5. c3 Bd6 6. Nbd2 Bxf4 7. exf4 0-0 8. h3 Qd6 9. Ne5 Nfd7 10. g4 Bg6 11. Qf3 f6 12. Nxg6 hxg6 13. Bd3 e5 14. Bxg6 exf4 15. 0-0-0 a5 16. Rde1 Ra6 17. Re2 a4 18. a3 Rb6 19. Rhe1 f5 20. gxf5 Nf6 21. Re6 Qd7 22. Re7 Qb5 23. R1e6 Qxb2+ 24. Kd1 Rxe6 25. fxe6 Qa1+ 26. Nb1 Ne4 27. Bxe4 dxe4 28. Qxe4 Qb2 29. Qg6 Qb3+ 30. Kc1 1-0

[Event "Sharjah Blitz op"]
[Site "Sharjah"]
[Date "2021.05.01"]
[Round "4.8"]
[White "Sayed, Hany"]
[Black "Rayes, Abdul Kader"]
[Result "1-0"]
[WhiteElo "2106"]
[BlackElo "2203"]
[PlyCount "101"]
[EventDate "2021.05.01"]
[EventType "swiss (blitz)"]
[EventRounds "9"]
[EventCountry "UAE"]
[SourceTitle "CBM 202 Extra"]
[Source "ChessBase"]
[SourceDate "2021.07.31"]
[SourceVersion "1"]
[SourceVersionDate "2021.07.31"]
[SourceQuality "1"]

1. e4 e5 2. Nf3 Nc6 3. Bb5 a6 4. Ba4 Nf6 5. 0-0 Be7 6. Re1 b5 7. Bb3 0-0 8. c3 d5 9. exd5 Nxd5 10. a4 Rb8 11. axb5 axb5 12. d4 exd4 13. Nxd4 Nxd4 14. Qxd4 c6 15. Bc2 Bf6 16. Qd3 g6 17. Bh6 Re8 18. Nd2 Bf5 19. Ne4 Bh8 20. Qf3 Qh4 21. Bg5 Bxe4 22. Bxh4 Bxf3 23. gxf3 b4 24. c4 Nb6 25. Rxe8+ Rxe8 26. Ra6 Nxc4 27. Rxc6 Nxb2 28. Rb6 Bc3 29. Rb7 Nc4 30. Bb3 Ne5 31. Kg2 Rc8 32. f4 Nc4 33. Be7 Kg7 34. Bxb4 Bxb4 35. Rxb4 Nd2 36. Bd5 Rc5 37. Rd4 Nb1 38. Bb3 Rc7 39. Kf3 Nc3 40. Kg4 Kf6 41. Rd6+ Ke7 42. Ra6 Ne4 43. f3 h5+ 44. Kh4 Nd6 45. Kg5 Rc5+ 46. Kh6 Rc3 47. Ra7+ Kf6 48. Bd5 Rc5 49. Ba2 Nf5+ 50. Kh7 Rc8 51. Rxf7# 1-0

[Event "Sharjah Rapid op"]
[Site "Sharjah"]
[Date "2021.04.29"]
[Round "4.9"]
[White "Abdulrahim, Salem"]
[Black "Rayes, Abdul Kader"]
[Result "1/2-1/2"]
[WhiteElo "1560"]
[BlackElo "2203"]
[PlyCount "30"]
[EventDate "2021.04.29"]
[EventType "swiss (rapid)"]
[EventRounds "9"]
[EventCountry "UAE"]
[SourceTitle "CBM 202 Extra"]
[Source "ChessBase"]
[SourceDate "2021.07.31"]
[SourceVersion "1"]
[SourceVersionDate "2021.07.31"]
[SourceQuality "1"]

1. e4 e5 2. Nf3 Nc6 3. Bb5 a6 4. Bxc6 dxc6 5. d4 exd4 6. Qxd4 Qxd4 7. Nxd4 Bd7 8. Be3 0-0-0 9. Nd2 f6 10. 0-0-0 Ne7 11. Rhe1 Ng6 12. N4f3 Bd6 13. Nc4 Bf4 14. Bxf4 Nxf4 15. g3 Nh3 1/2-1/2

[Event "Dubai HOC blitz op"]
[Site "Dubai"]
[Date "2019.08.11"]
[Round "4"]
[White "Dimakiling, Oliver"]
[Black "Rayes, Abdul Kader"]
[Result "1/2-1/2"]
[WhiteElo "2504"]
[BlackElo "2007"]
[PlyCount "107"]
[EventDate "2019.08.11"]
[EventType "swiss (blitz)"]
[EventRounds "9"]
[EventCountry "UAE"]
[SourceTitle "EXT 2020"]
[Source "ChessBase"]
[SourceDate "2019.10.17"]
[SourceVersion "1"]
[SourceVersionDate "2019.10.17"]
[SourceQuality "1"]

1. c4 e6 2. Nc3 d5 3. e3 c6 4. Nf3 Bd6 5. b3 f5 6. Bb2 Nf6 7. Qc2 0-0 8. h3 Na6 9. a3 Nc5 10. d3 a5 11. Be2 Qe8 12. g4 g6 13. Rg1 fxg4 14. hxg4 a4 15. Nxa4 Nxa4 16. bxa4 e5 17. Qc3 Bxg4 18. Nxe5 Bxe5 19. Qxe5 Qxe5 20. Bxe5 Bxe2 21. Kxe2 dxc4 22. dxc4 Rxa4 23. Rgc1 Ne4 24. f3 Nc5 25. Rc3 Rd8 26. Rb1 Rd7 27. f4 Ne4 28. Rcb3 Rd2+ 29. Kf3 Rxc4 30. Bd4 Rdxd4 31. exd4 Nd2+ 32. Ke3 Nxb1 33. Rxb1 b5 34. Ke4 Kf7 35. Ke5 Rc3 36. a4 Re3+ 37. Kd6 Re6+ 38. Kc5 bxa4 39. Ra1 Kf6 40. Rxa4 Kf5 41. Ra7 Kxf4 42. Rxh7 g5 43. Rf7+ Ke4 44. Rg7 Kf4 45. Rf7+ Ke4 46. Rg7 Kf5 47. Rf7+ Kg4 48. Rc7 Kf3 49. Rxc6 Rxc6+ 50. Kxc6 g4 51. d5 g3 52. d6 g2 53. d7 g1Q 54. d8Q 1/2-1/2

[Event "Sharjah Ramadan op rapid"]
[Site "Sharjah"]
[Date "2019.05.17"]
[Round "9"]
[White "El Taher, Fouad"]
[Black "Rayes, Abdul Kader"]
[Result "1-0"]
[WhiteElo "2483"]
[BlackElo "2203"]
[PlyCount "63"]
[EventDate "2019.05.13"]
[EventType "swiss (rapid)"]
[EventRounds "9"]
[EventCountry "UAE"]
[SourceTitle "CBM 190 Extra"]
[Source "ChessBase"]
[SourceDate "2019.07.15"]
[SourceVersion "1"]
[SourceVersionDate "2019.07.15"]
[SourceQuality "1"]

1. e4 d6 2. d4 Nf6 3. Nc3 g6 4. Nf3 Bg7 5. Be3 c6 6. h3 0-0 7. Qd2 b5 8. Bd3 Nbd7 9. Bh6 e5 10. 0-0 Re8 11. Rfe1 Qc7 12. Bxg7 Kxg7 13. a4 b4 14. Ne2 c5 15. dxe5 dxe5 16. b3 a5 17. Ng3 Ba6 18. Bxa6 Rxa6 19. Rad1 h6 20. Nh4 Rh8 21. Re3 c4 22. Rf3 Rc6 23. Kh2 cxb3 24. cxb3 Rc2 25. Qe1 Rc8 26. Rfd3 Nc5 27. Rd6 Ne6 28. Qe3 Nf4 29. Ngf5+ gxf5 30. Nxf5+ Kf8 31. Rxf6 Qc5 32. Rxh6 1-0

[Event "Sharjah Ramadan op rapid"]
[Site "Sharjah"]
[Date "2019.05.15"]
[Round "7"]
[White "Hamad, Essam"]
[Black "Rayes, Abdul Kader"]
[Result "0-1"]
[WhiteElo "1865"]
[BlackElo "2203"]
[PlyCount "166"]
[EventDate "2019.05.13"]
[EventType "swiss (rapid)"]
[EventRounds "9"]
[EventCountry "UAE"]
[SourceTitle "CBM 190 Extra"]
[Source "ChessBase"]
[SourceDate "2019.07.15"]
[SourceVersion "1"]
[SourceVersionDate "2019.07.15"]
[SourceQuality "1"]

1. e4 c5 2. Nf3 Nc6 3. c3 d5 4. exd5 Qxd5 5. d4 Bg4 6. dxc5 Qxc5 7. Be3 Qa5 8. Nbd2 Nf6 9. Qb3 Qc7 10. Bb5 Bd7 11. 0-0 e6 12. Rad1 Be7 13. Bd3 0-0 14. Qc2 Rfd8 15. Bg5 h6 16. Bh4 Rac8 17. Qb1 Ne5 18. Nxe5 Qxe5 19. Bg3 Qh5 20. Nf3 Bc6 21. Ne5 Ba4 22. b3 Be8 23. Qc2 Nd5 24. Be2 Qf5 25. Bd3 Qf6 26. c4 Nb4 27. Qb1 Nxd3 28. Nxd3 Qf5 29. Ne5 Qxb1 30. Rxb1 Rd2 31. a4 f6 32. Nf3 Rd3 33. Rfd1 Rcd8 34. Rxd3 Rxd3 35. Kf1 Bg6 36. Re1 Rxb3 37. Nd4 Rb1 38. Rxb1 Bxb1 39. Nxe6 Bd3+ 40. Ke1 Bxc4 41. Nd4 Bb4+ 42. Kd1 Bc5 43. Nf5 Bb3+ 44. Kd2 Bxa4 45. Kc3 Bc6 46. f3 Kf7 47. Kc4 Bf8 48. Bf2 b5+ 49. Kc3 a5 50. Bb6 Bb4+ 51. Kb2 Bd5 52. Ne3 Be6 53. Nc2 Bd2 54. Nd4 Bc4 55. Nc6 a4 56. Bc5 Bf1 57. g3 Ke6 58. Ba3 Kd5 59. Ne7+ Kc4 60. Bd6 b4 61. Nc6 Bc3+ 62. Kc1 b3 63. Ba3 Bg2 64. Ne7 Bxf3 65. Nf5 Be5 66. Nxg7 Be4 67. Ne8 h5 68. Ng7 h4 69. Nh5 h3 70. Nf4 Bxf4+ 71. gxf4 Kd3 72. Kb2 Ke3 73. f5 Kf4 74. Bd6+ Kxf5 75. Bg3 Kg4 76. Bd6 f5 77. Be5 Kf3 78. Ka3 Bc6 79. Kb2 Ke4 80. Bd6 f4 81. Bc5 Kf3 82. Bd6 Ke3 83. Bc5+ Ke2 0-1

[Event "Sharjah Ramadan op rapid"]
[Site "Sharjah"]
[Date "2019.05.15"]
[Round "8"]
[White "Rayes, Abdul Kader"]
[Black "Ali Rashid, Ali"]
[Result "1-0"]
[WhiteElo "2203"]
[BlackElo "1801"]
[PlyCount "83"]
[EventDate "2019.05.13"]
[EventType "swiss (rapid)"]
[EventRounds "9"]
[EventCountry "UAE"]
[SourceTitle "CBM 190 Extra"]
[Source "ChessBase"]
[SourceDate "2019.07.15"]
[SourceVersion "1"]
[SourceVersionDate "2019.07.15"]
[SourceQuality "1"]

1. e4 e5 2. Nf3 Nc6 3. Nc3 Bb4 4. Nd5 Ba5 5. c3 Nf6 6. b4 Bb6 7. Nxb6 axb6 8. d3 d6 9. Be2 Be6 10. a3 Qd7 11. 0-0 Ne7 12. Re1 Ng6 13. Qc2 0-0 14. d4 Qa4 15. Qd3 Nh5 16. g3 Nf6 17. Bg5 Nd7 18. d5 Bg4 19. Kg2 f5 20. exf5 Bxf5 21. Qc4 Rac8 22. Be3 Nf6 23. Kg1 Qd7 24. Nd2 e4 25. Bd4 Rce8 26. Rad1 Bg4 27. Nf1 Bf3 28. Ne3 Ne5 29. Bxe5 Rxe5 30. Rd4 Rh5 31. Bxf3 exf3 32. Rh4 Qf7 33. Rd1 Re8 34. Rdd4 g5 35. Rxh5 Qxh5 36. h4 gxh4 37. Rxh4 Qg6 38. Qd4 Qb1+ 39. Kh2 Qe1 40. Qxf6 Qxf2+ 41. Kh3 Qxe3 42. Rg4+ 1-0

[Event "Sharjah Ramadan op rapid"]
[Site "Sharjah"]
[Date "2019.05.14"]
[Round "5"]
[White "Abid, Ali Mujawar"]
[Black "Rayes, Abdul Kader"]
[Result "0-1"]
[WhiteElo "1850"]
[BlackElo "2203"]
[PlyCount "36"]
[EventDate "2019.05.13"]
[EventType "swiss (rapid)"]
[EventRounds "9"]
[EventCountry "UAE"]
[SourceTitle "CBM 190 Extra"]
[Source "ChessBase"]
[SourceDate "2019.07.15"]
[SourceVersion "1"]
[SourceVersionDate "2019.07.15"]
[SourceQuality "1"]

1. e4 e6 2. d4 d5 3. Nd2 Nf6 4. exd5 exd5 5. Ngf3 Bd6 6. Bd3 0-0 7. 0-0 Re8 8. c3 c6 9. Re1 Rxe1+ 10. Qxe1 Nbd7 11. Nf1 h6 12. Ne3 Nf8 13. Nf5 Bxf5 14. Bxf5 Qc7 15. h3 Re8 16. Qd1 Ne4 17. Nd2 Nxf2 18. Qf1 Bh2+ 0-1

[Event "Sharjah Ramadan op rapid"]
[Site "Sharjah"]
[Date "2019.05.13"]
[Round "1"]
[White "Rashid, Husain Alhammadi"]
[Black "Rayes, Abdul Kader"]
[Result "0-1"]
[WhiteElo "1052"]
[BlackElo "2203"]
[PlyCount "106"]
[EventDate "2019.05.13"]
[EventType "swiss (rapid)"]
[EventRounds "9"]
[EventCountry "UAE"]
[SourceTitle "CBM 190 Extra"]
[Source "ChessBase"]
[SourceDate "2019.07.15"]
[SourceVersion "1"]
[SourceVersionDate "2019.07.15"]
[SourceQuality "1"]

1. e4 e6 2. d4 d5 3. Nc3 Bb4 4. Bd3 dxe4 5. Bxe4 Nf6 6. Bd3 Nc6 7. Nf3 0-0 8. 0-0 h6 9. a3 Be7 10. h3 a6 11. Be3 Nd5 12. Ne4 Nxe3 13. fxe3 b6 14. c4 Re8 15. Qc2 Bf8 16. Ne5 Nxe5 17. dxe5 Bb7 18. Ng3 Qg5 19. Qf2 Re7 20. Qf4 Qxf4 21. Rxf4 Rd8 22. Rd1 Red7 23. Rd4 Rxd4 24. exd4 Rxd4 25. Bh7+ Kxh7 26. Rxd4 Bc5 27. Ne2 Kg6 28. Kh2 Bxd4 29. Nxd4 c5 30. Nf3 Bxf3 31. gxf3 Kf5 32. Kg3 Kxe5 33. Kf2 Kd4 34. Ke2 Kxc4 35. Kd2 Kb3 36. Kc1 e5 37. h4 h5 38. Kd2 Kxb2 39. a4 c4 40. Ke3 c3 41. Ke4 c2 42. Kxe5 c1Q 43. f4 Qe1+ 44. Kd5 Qxh4 45. f5 Qf6 46. Ke4 Kc3 47. Kf4 Kd4 48. Kg3 Ke4 49. Kf2 Qc3 50. Kg2 Qf3+ 51. Kh2 Qg4 52. Kh1 Kf3 53. Kh2 Qg2# 0-1

[Event "Arab-ch"]
[Site "Dubai"]
[Date "2018.12.02"]
[Round "6"]
[White "Rayes, Abdul Kader"]
[Black "Aborezika, Mohamed"]
[Result "1-0"]
[WhiteElo "2214"]
[BlackElo "2060"]
[PlyCount "58"]
[EventDate "2018.11.28"]
[EventType "swiss"]
[EventRounds "9"]
[EventCountry "UAE"]
[SourceTitle "CBM 187 Extra"]
[Source "ChessBase"]
[SourceDate "2018.11.04"]
[SourceVersion "1"]
[SourceVersionDate "2018.11.04"]
[SourceQuality "1"]

1. e4 d6 2. d4 Nf6 3. f3 Nbd7 4. Be3 e5 5. Nc3 c6 6. Qd2 Be7 7. Nge2 b5 8. Ng3 Nb6 9. a4 b4 10. Nd1 a5 11. dxe5 dxe5 12. Qf2 Rb8 13. b3 0-0 14. Nb2 Qc7 15. Be2 Be6 16. 0-0 g6 17. Rfd1 h5 18. Nf1 c5 19. Nd2 Rbd8 20. Ndc4 Nxc4 21. Bxc4 Bxc4 22. Nxc4 Rxd1+ 23. Rxd1 Re8 24. Rd3 Rd8 25. Qd2 Rxd3 26. Qxd3 Nd7 27. Nxa5 Nf8 28. Nc4 Ne6 29. Qd5 Qd8 1-0

[Event "Arab-ch"]
[Site "Dubai"]
[Date "2018.12.01"]
[Round "5"]
[White "Rayes, Abdul Kader"]
[Black "Al Hosani, Omran"]
[Result "1/2-1/2"]
[WhiteElo "2214"]
[BlackElo "2130"]
[PlyCount "70"]
[EventDate "2018.11.28"]
[EventType "swiss"]
[EventRounds "9"]
[EventCountry "UAE"]
[SourceTitle "CBM 187 Extra"]
[Source "ChessBase"]
[SourceDate "2018.11.04"]
[SourceVersion "1"]
[SourceVersionDate "2018.11.04"]
[SourceQuality "1"]

1. c4 e5 2. Nc3 Nf6 3. Nf3 Nc6 4. g3 d5 5. cxd5 Nxd5 6. Bg2 Nb6 7. 0-0 Be7 8. a3 0-0 9. b4 Be6 10. Rb1 f6 11. d3 a5 12. b5 Nd4 13. Nd2 Qc8 14. e3 Nf5 15. Qe2 Re8 16. Bb2 Nd6 17. Nde4 Nxe4 18. Bxe4 f5 19. Bg2 Bf6 20. Rfc1 Rb8 21. Qc2 Qd7 22. Na4 Nxa4 23. Qxa4 Qxd3 24. Qxa5 c6 25. bxc6 bxc6 26. Qc3 Qxc3 27. Bxc3 Bd5 28. Rxb8 Rxb8 29. Bb4 e4 30. Bh3 g6 31. Bf1 Kf7 32. Bc4 Bxc4 33. Rxc4 Rb6 34. h4 Be7 35. Bxe7 Kxe7 1/2-1/2

[Event "Arab-ch"]
[Site "Dubai"]
[Date "2018.11.29"]
[Round "3"]
[White "Tissir, Mohamed"]
[Black "Rayes, Abdul Kader"]
[Result "1-0"]
[WhiteElo "2387"]
[BlackElo "2214"]
[PlyCount "103"]
[EventDate "2018.11.28"]
[EventType "swiss"]
[EventRounds "9"]
[EventCountry "UAE"]
[SourceTitle "CBM 187 Extra"]
[Source "ChessBase"]
[SourceDate "2018.11.04"]
[SourceVersion "1"]
[SourceVersionDate "2018.11.04"]
[SourceQuality "1"]

1. e4 c5 2. Nc3 Nc6 3. Bb5 Nd4 4. Bc4 e6 5. Nge2 a6 6. Nxd4 cxd4 7. Ne2 Nf6 8. d3 d5 9. exd5 exd5 10. Bb3 Bc5 11. 0-0 0-0 12. Bg5 Be6 13. Nf4 h6 14. Bh4 Bd6 15. Bg3 Qd7 16. Ne2 Bc5 17. Be5 Ng4 18. Bxd4 Qd6 19. g3 Bxd4 20. Nxd4 Qe5 21. c3 Qh5 22. h4 g5 23. Nxe6 fxe6 24. Qe2 Nf6 25. Qxh5 Nxh5 26. hxg5 hxg5 27. Rae1 Ng7 28. d4 Kf7 29. Re5 Kf6 30. Rfe1 Rae8 31. g4 Rh8 32. R1e3 Rd8 33. Rf3+ Ke7 34. Rxg5 Rdg8 35. Rg3 Ne8 36. Rxg8 Rxg8 37. f3 Rh8 38. Kg2 Kf6 39. Rh3 Rf8 40. Rh7 Ng7 41. Bc2 a5 42. Bd3 Rc8 43. Kg3 Rb8 44. a4 Re8 45. Kh4 Rg8 46. Rh6+ Kf7 47. Bh7 Rf8 48. Kg3 Rd8 49. Kf4 Rd6 50. Ke5 Rb6 51. Rf6+ Ke7 52. Bg6 1-0

[Event "Abu Dhabi op 25th"]
[Site "Abu Dhabi"]
[Date "2018.08.12"]
[Round "6"]
[White "Rayes, Abdul Kader"]
[Black "Wagh, Suyog"]
[Result "0-1"]
[WhiteElo "2242"]
[BlackElo "2356"]
[PlyCount "148"]
[EventDate "2018.08.07"]
[EventType "swiss"]
[EventRounds "9"]
[EventCountry "UAE"]
[SourceTitle "CBM 185 Extra"]
[Source "ChessBase"]
[SourceDate "2018.07.29"]
[SourceVersion "1"]
[SourceVersionDate "2018.07.29"]
[SourceQuality "1"]

1. Nf3 d5 2. g3 c6 3. Bg2 Bg4 4. h3 Bh5 5. c4 e6 6. Qb3 Qb6 7. Nc3 Nd7 8. g4 Bg6 9. Qxb6 axb6 10. cxd5 exd5 11. d4 Bb4 12. Bd2 Bxc3 13. Bxc3 Be4 14. e3 Ne7 15. Ke2 0-0 16. a3 f5 17. Ne1 f4 18. f3 Bg6 19. h4 h5 20. Bh3 hxg4 21. Bxg4 Bf5 22. Rg1 fxe3 23. Kxe3 Rae8 24. Kd2 Bxg4 25. Rxg4 Kh7 26. Rd1 Ng8 27. Rg3 Rf4 28. Ng2 Rf7 29. Rg1 Nh6 30. Ne1 Ree7 31. Nd3 Rf5 32. Bb4 Ref7 33. f4 Nf6 34. Rg5 Ne4+ 35. Kc1 Rc7 36. R5g2 Rf6 37. Bc3 Nf5 38. Ne5 Nxh4 39. Rh2 Rh6 40. Ng4 Nf3 41. Rxh6+ gxh6 42. Rh1 Kg6 43. Rxh6+ Kf5 44. Ne5 Kxf4 45. Nxf3 Kxf3 46. Kc2 Rg7 47. Rh8 Ke3 48. Re8 Rh7 49. Re6 Rh2+ 50. Kb3 Rh7 51. Kc2 Rf7 52. Re8 Rf2+ 53. Kb3 Rf7 54. Kc2 Rf2+ 55. Kb3 Kd3 56. Rh8 Rf3 57. Rh7 c5 58. dxc5 bxc5 59. Rxb7 d4 60. Ba5 c4+ 61. Ka2 Rf2 62. Kb1 Nc5 63. Re7 Na4 64. Rb7 Nc5 65. Re7 Rf1+ 66. Re1 Rxe1+ 67. Bxe1 Ke2 68. Bb4 d3 69. Ka2 Ne4 70. a4 c3 71. a5 c2 72. a6 c1Q 73. a7 Qc4+ 74. Kb1 d2 0-1

[Event "Abu Dhabi op 25th"]
[Site "Abu Dhabi"]
[Date "2018.08.09"]
[Round "3"]
[White "Raghunandan, Kaumandur Srihari"]
[Black "Rayes, Abdul Kader"]
[Result "1/2-1/2"]
[WhiteElo "2404"]
[BlackElo "2242"]
[PlyCount "115"]
[EventDate "2018.08.07"]
[EventType "swiss"]
[EventRounds "9"]
[EventCountry "UAE"]
[SourceTitle "CBM 185 Extra"]
[Source "ChessBase"]
[SourceDate "2018.07.29"]
[SourceVersion "1"]
[SourceVersionDate "2018.07.29"]
[SourceQuality "1"]

1. d4 Nf6 2. c4 c5 3. d5 e6 4. Nf3 exd5 5. cxd5 d6 6. Nc3 g6 7. Bf4 a6 8. a4 Bg7 9. h3 0-0 10. e3 Ne8 11. Be2 Nd7 12. 0-0 Qe7 13. Re1 Rb8 14. Nd2 Ne5 15. Bh2 f5 16. Ra3 Nc7 17. Rb3 b6 18. f4 Nf7 19. e4 Bd4+ 20. Kh1 fxe4 21. Ndxe4 Re8 22. Bf3 Bd7 23. g4 b5 24. axb5 Nxb5 25. Bg3 Qd8 26. Ne2 Bg7 27. Bf2 Qa5 28. Qa1 Qxa1 29. Rxa1 Nc7 30. Rxb8 Rxb8 31. Bh4 Rxb2 32. Nf6+ Bxf6 33. Bxf6 Rb3 34. Kg2 Ne8 35. Be7 Re3 36. Bh4 Bb5 37. Kf2 Rb3 38. Re1 h6 39. Be7 g5 40. h4 gxf4 41. Nxf4 Ne5 42. Rxe5 dxe5 43. Ne6 Bc4 44. Nxc5 Rxf3+ 45. Kxf3 Bxd5+ 46. Ke3 Kf7 47. Bd8 a5 48. Bxa5 Nf6 49. g5 hxg5 50. hxg5 Ng4+ 51. Kd3 Kg6 52. Bd2 Kf5 53. Nd7 Bc6 54. Nf6 Bb5+ 55. Kc2 Nxf6 56. gxf6 Kxf6 57. Bc3 Kf5 58. Kd2 1/2-1/2